Islands Against Civilisation: (Record no. 213941)
[ view plain ]
| 000 -LEADER | |
|---|---|
| fixed length control field | 00624nam a22001937a 4500 |
| 005 - DATE AND TIME OF LATEST TRANSACTION | |
| control field | 20251216115316.0 |
| 010 ## - LCCN (DPL NO) | |
| LC control number | ENG-147312 |
| 020 ## - INTERNATIONAL STANDARD BOOK NUMBER | |
| International Standard Book Number | 9789354426483 |
| Terms of availability | 1495.00 |
| 035 ## - SYSTEM CONTROL NUMBER | |
| System control number | EN-130844 |
| 037 ## - SOURCE OF ACQUISITION | |
| Stock number | DBAD |
| 082 ## - DEWEY DECIMAL CLASSIFICATION NUMBER | |
| Classification number | 305.8 |
| Edition number | 1 |
| 100 ## - MAIN ENTRY--PERSONAL NAME | |
| Personal name | Tewari, Saagar |
| 245 ## - TITLE STATEMENT | |
| Title | Islands Against Civilisation: |
| Remainder of title | Anthropology, Nationalism, and the Politics of Scheduling, 1918-1950/ |
| Statement of responsibility, etc | Saagar Tewari |
| 250 ## - EDITION STATEMENT | |
| Edition statement | 1 |
| 260 ## - PUBLICATION, DISTRIBUTION, ETC. (IMPRINT) | |
| Place of publication, distribution, etc | Hyderabad |
| Name of publisher, distributor, etc | Orient BlackSwan |
| Date of publication, distribution, etc | 2025 |
| 270 ## - ADDRESS | |
| Address | 3-6-752 Himayatnagar, |
| City | Hyderabad |
| Postal code | 500029 |
| 300 ## - PHYSICAL DESCRIPTION | |
| Extent | xvi, 504p. |
| Dimensions | 22cm(pbk) |
| Other physical details | ill. |
| 942 ## - ADDED ENTRY ELEMENTS (KOHA) | |
| Source of classification or shelving scheme | Dewey Decimal Classification |
| Item type | English Books |
| Call number suffix | TEW |
| Classification part | 305.8 |
| Withdrawn status | Lost status | Not for loan | Collection code | Home library | Current library | Date acquired | Source of acquisition | Cost, normal purchase price | Full call number | Barcode | Copy number | Cost, replacement price | Koha item type |
|---|---|---|---|---|---|---|---|---|---|---|---|---|---|
| Non-fiction | Sarojini Nagar | Sarojini Nagar | 16/12/2025 | Delivery of Books Act Division | 1495.00 | TEW 305.8 | EN-130844 | 1 | 1495.00 | English Books |
